ASSESSMENT OF THE HEALTH STATUS (Record no. 20574)

MARC details
000 -LEADER
fixed length control field 00295nam a22001337a 4500
003 - CONTROL NUMBER IDENTIFIER
control field SGT
082 ## - DEWEY DECIMAL CLASSIFICATION NUMBER
Classification number 617.601
Item number A18R
100 ## - MAIN ENTRY--PERSONAL NAME
Personal name RAINA, SONIA
245 ## - TITLE STATEMENT
Title ASSESSMENT OF THE HEALTH STATUS
260 ## - PUBLICATION, DISTRIBUTION, ETC. (IMPRINT)
Place of publication, distribution, etc SGTU
Year of Publication 2018
300 ## - PAGE DESCRIPTION
No. of Pages 110
650 ## - SUBJECT ADDED ENTRY--TOPICAL TERM
Topical term or geographic name as entry element PUBLIC HEATH DENTISTRY DENTAL
942 ## - ADDED ENTRY ELEMENTS (KOHA)
Source of classification or shelving scheme Dewey Decimal Classification
Koha item type Thesis/Dissertation
Holdings
Withdrawn status Lost status Source of classification or shelving scheme Damaged status Not for loan Collection code Home library Current library Shelving location Date acquired Total Checkouts Full call number Accession No. (Barcode) Date last seen Bill Date Koha item type
    Dewey Decimal Classification   Not For Loan MEDICAL SGT Medical Library SGT Medical Library Reference Book 08/10/2020   617.601 A18R DT744 08/10/2020 08/10/2020 Thesis/Dissertation
    Dewey Decimal Classification   Not For Loan MEDICAL SGT Medical Library SGT Medical Library Reference Book 08/10/2020   617.601 A18R DT745 08/10/2020 08/10/2020 Thesis/Dissertation